000 00271nam a22001217a 4500
008 181217b xxu||||| |||| 00| 0 eng d
041 _aeng
080 _23rd
_a610
100 _a4
101 _aSHM
245 _aHealth Services Management
_cKovner,A.R
942 _2udc
_cBK
999 _c53196
_d53196